000 00593nam a2200205Ia 4500
005 20250508164958.0
008 008 250505s9999 xx 000 0 hin d
020 _a81-7917-023-3
037 _aTextBook
040 _aFEDL
_beng
_cFEDL
041 _ahin
_2eng
084 _a305.8, TEL/R
_qFEDL
100 _aTeltumde Ananad
_9779622
245 0 _aSatta samaj aur dalit: Bhartiya samaj ka vidrup chehra
260 _aDelhi, India
_bGranth Shilpi (India) Pvt. Ltd.
_c2011
300 _a210p.
365 _aINR
_b425
942 _cTB
_h305.8, TEL/R
999 _c1392452
_d1392452